Piosenkarze z największą ilością subskrybcji - top 15 - Statystyki

Ogólne statystyki
  • Ten quiz został rozwiązany 1 300 razy
  • Średni wynik to 5 z 15
Statystyki odpowiedzi
Odpowiedź % Poprawnych
6 Justin Bieber
84%
3 Ariana Grande
64%
9 Rihanna
59%
5 Taylor Swift
53%
1 Ed Sheeran
50%
2 Eminem
50%
8 Katy Perry
46%
13 Bruno Mars
27%
7 One Direction
27%
10 Maroon 5
21%
12 Alan Walker
13%
4 Marshmello
10%
15 Daddy Yankee
5%
14 Ozuna
2%
11 Big Hit
1%
Nie znaleziono quizów pasujących do podanych kryteriów
Rozkład punktacji
Procent ludzi z każdym wynikiem
Percentyl według liczby udzielonych odpowiedzi
Twoja historia wyników
Nie rozwiązałeś tego quizu